Scrambled Periodic Table Elements - Statistics

General Stats
  • This quiz has been taken 149 times
  • The average score is 11 of 20
Answer Stats
Element % Correct
Argon
100%
Cobalt
100%
Fermium
100%
Krypton
100%
Mercury
100%
Neon
100%
Nickel
100%
Phosphorus
100%
Polonium
100%
Protactinium
100%
Radium
100%
Radon
100%
Rhodium
100%
Scandium
100%
Sulfur
100%
Zinc
100%
Iron
91%
Darmstadtium
86%
Silver
86%
Tin
86%
Xenon
86%
Aluminium
83%
Gold
83%
Oxygen
83%
Berkelium
80%
Boron
80%
Cadmium
80%
Erbium
80%
Hydrogen
80%
Praseodymium
80%
Cerium
75%
Iodine
75%
Magnesium
75%
Titanium
75%
Ytterbium
75%
Holmium
71%
Iridium
71%
Potassium
71%
Vanadium
71%
Arsenic
67%
Chromium
67%
Dubnium
67%
Lanthanum
67%
Lead
67%
Manganese
67%
Nihonium
67%
Selenium
67%
Terbium
67%
Zirconium
67%
Niobium
63%
Antimony
60%
Barium
60%
Beryllium
60%
Copper
60%
Gallium
60%
Thulium
60%
Tungsten
60%
Moscovium
57%
Osmium
57%
Rubidium
57%
Silicon
57%
Sodium
57%
Technetium
57%
Yttrium
57%
Calcium
56%
Thorium
56%
Astatine
50%
Bismuth
50%
Bohrium
50%
Bromine
50%
Californium
50%
Einsteinium
50%
Europium
50%
Flerovium
50%
Lithium
50%
Nitrogen
50%
Platinum
50%
Plutonium
50%
Rhenium
50%
Rutherfordium
50%
Tellurium
50%
Neodymium
45%
Lutetium
44%
Neptunium
44%
Roentgenium
44%
Francium
43%
Livermorium
43%
Nobelium
43%
Germanium
42%
Hafnium
40%
Americium
38%
Actinium
33%
Caesium
33%
Chlorine
33%
Curium
33%
Fluorine
33%
Lawrencium
33%
Meitnerium
33%
Samarium
33%
Tantalum
33%
Thallium
33%
Carbon
25%
Dysprosium
25%
Gadolinium
25%
Molybdenum
25%
Palladium
25%
Ruthenium
25%
Tennessine
25%
Hassium
20%
Helium
20%
Indium
20%
Mendelevium
17%
Promethium
17%
Copernicium
0%
Oganesson
0%
Seaborgium
0%
Strontium
0%
Uranium
0%
No matching quizzes found
Score Distribution
Percent of People with Each Score
Percentile by Number Answered
Your Score History
You have not taken this quiz